000 01268nam a22002897a 4500
005 20240530110524.0
008 150530s2009 ua a g 000 0 ara d
017 _a15379
_bمصر . دار الكتب المصرية
020 _a9773770826
040 _aEG-CaGPL
082 0 4 _221
_a658.04\
_bج ح
100 1 _aجوردون ، جرانت .
245 1 2 _aالحروب العائلية :
_bالصراعات الكلاسيكية فى الشركات العائلية و السبيل للتعامل معها /
_cجرانت جوردون ، ونايجل نيكولسون ؛ ترجمة علا احمد اصلاح .
250 _aط1.
260 _aالقاهرة :
_bمجموعة النيل العربية ،
_c2009 .
300 _a343 ص ؛
_c24 سم .
650 0 4 _aالشركات .
650 0 4 _aالشركات العائلية
_vقصص .
650 0 4 _aالحروب العائلية .
650 0 4 _aالشركات العائلية
_xخلافات .
650 0 4 _aالشركات العائلية
_xاصول .
650 0 4 _aالشركات العائلية .
700 1 _aنيكولسون ، ونايجل
_eمؤلف مشارك .
700 0 _aعلا احمد اصلاح
_eمترجم .
942 _2ddc
_cBK
999 _c61963
_d61963